Geography Quiz

Random Geography or Blitz Quiz

United Kingdom Armageddon! Quiz Stats

 Plays Quiz Updated Aug 8, 2019

Score 0/69 Timer 00:30
0 Plays Today
% Correct
Oxford
94.4%
Winchester
93.5%
Brighton & Hove
91.9%
Chichester
91.8%
St Albans
91.7%
Cambridge
91.6%
London
91.5%
Westminster
91.5%
Chelmsford
91.2%
Canterbury
90.7%
Stoke
89.2%
Manchester
87.7%
Salford
87.6%
Bradford
86.9%
Ripon
85.3%
Nottingham
83.4%
Derby
83.3%
Preston
83.1%
Sheffield
82.2%
Lancaster
81.4%
Leeds
81.1%
Wakefield
81.1%
Edinburgh
80.8%
Perth
80.8%
Stirling
80.8%
Glasgow
78.8%
York
78.4%
Chester
77.8%
Lichfield
76.5%
Wolverhampton
76.4%
Hereford
76.3%
Gloucester
75.7%
Liverpool
74.5%
St Asaph
73.8%
Armagh
70.1%
% Correct
Belfast
70.1%
Lisburn
70.1%
Derry
69.9%
Cardiff
68.7%
Bristol
68%
Wells
67.8%
Newry
67.4%
Dundee
67.2%
Bath
66.4%
Newport
65.8%
Swansea
62.3%
Worcester
61.9%
Leicester
60.3%
Durham
59.6%
Lincoln
56.2%
Exeter
55.7%
Coventry
54.1%
Newcastle
52.4%
Sunderland
52.4%
Kingston upon Hull
52.3%
Carlisle
52%
Birmingham
51.1%
Salisbury
46.1%
Aberdeen
43.6%
Bangor
40.8%
Plymouth
36.8%
Southampton
34%
Ely
32.4%
Inverness
32.2%
Norwich
28.8%
Peterborough
27.4%
Truro
26.4%
Portsmouth
23.1%
St David's
22%

You're not logged in!

Compare scores with friends on all Sporcle quizzes.
OR
Log In

Sporcle TV

Today on Sporcle TV


Watch our educational content, quiz creation guides, and fun videos on Sporcle TV.

Show Comments

Extras

Top Quizzes Today


Score Distribution

Your Account Isn't Verified!

In order to create a playlist on Sporcle, you need to verify the email address you used during registration. Go to your Sporcle Settings to finish the process.

Report this User

Report this user for behavior that violates our Community Guidelines.

Details: